Heredera de un secreto / (Registro nro. 3002)
[ vista simple ]
| 000 -LEADER | |
|---|---|
| fixed length control field | 01089nam a2200205 a 4500 |
| 008 - CAMPO DE CONTROL (LIBRO) | |
| fixed length control field | 190531r19992003a ||||gr|||| 001 f sp d |
| 020 ## - INTERNATIONAL STANDARD BOOK NUMBER | |
| ISBN | 9505114761 |
| 041 ## - CODIGO DE IDIOMA | |
| Código de idioma del texto/pista de sonido o título separado | spa |
| 092 ## - SIGNATURA TOPOGRAFICA DEWEY LOCAL | |
| número de clasificación | 808 |
| libristica | 75 |
| sección | ROL |
| 100 1# - ENTRADA PRINCIPAL--NOMBRE PERSONAL | |
| Nombre personal | Roldán, Elisa |
| 9 (RLIN) | 4021 |
| 245 ## - TITULO PROPIAMENTE DICHO | |
| Título | Heredera de un secreto / |
| Mención de responsabilidad y remanente de la transcripción de la portada | Elisa Roldán. |
| 250 ## - MENCION DE EDICION | |
| Mención de edición | 1a ed. 5a. reimp. |
| Mención de responsabilidad relacionada con la ed. | Il. Patricia García Silva. |
| 260 ## - PIE DE IMPRENTA | |
| Lugar de publicación, distribución, etc | Buenos Aires: |
| Nombre de la editorial, distribuidor, etc | Alfaguara; |
| Fecha de publicación | 2003. |
| 300 ## - DESCRIPCION FISICA | |
| Extension | 175 p. |
| 500 ## - NOTA GENERAL | |
| Nota general | Roldán, E. (2003). Heredera de un secreto. (1a ed.). Buenos Aires : Alfaguara. |
| 505 ## - NOTA DE CONTENIDO | |
| Nota de contenido formateada | Una familia, que hereda una antigua casona en el barrio de Flores, se instala con una intención de reciclarla. Cuando los padres viajan a Ushuaia y las tres hijas se quedan solas, comienzan a suceder cosas extrañas en la casa. Carolina, una de las chicas, con su mente imaginativa y fabuladora, es testigo de raros acontecimientos. Entonces pone en marcha una investigación que la convertirá en la genuina heredera de un secreto. |
| 590 ## - NOTAS LOCALES (RLIN) | |
| Nota local | Proyecto 4to libro. Donación Julia Cabanne, mayo 2019. |
| 655 ## - MATERIA - GENERO/FORMA | |
| Género/Forma | Literatura |
| -- | 2917 |
| 942 ## - ADDED ENTRY ELEMENTS (KOHA) | |
| Source of classification or shelving scheme | Dewey Decimal Classification |
| Item type | LITERATURA |
| Estado de retiro | Existencia | Fuente de clasificación | Estado general | No para prestamo | Ubicación permanente | ubicación actual | Sala de ubicación | Fecha de adquisición | Fuente de adquisición | Total Checkouts | Número de clasificación | Código de barras | Date last seen | Price effective from | Koha tipo de elemento (item) | Public note |
|---|---|---|---|---|---|---|---|---|---|---|---|---|---|---|---|---|
| Dewey Decimal Classification | Biblioteca Medicina | Biblioteca Medicina | Circulación | 31/05/2019 | Donación Cabanne, Julia. Mayo 2019 | 808 75 ROL | 4439 | 31/05/2019 | 31/05/2019 | LITERATURA | Proyecto 4to libro. Donación Cabanne, Julia. Mayo 2019 |